Personality development and human skills with cases, problems and helpful hints as per the syllabus of BBA / (Record no. 97926)

MARC details
000 -LEADER
fixed length control field 00568nam a22001817a 4500
005 - DATE AND TIME OF LATEST TRANSACTION
control field 20160111123712.0
010 ## - LCCN (DPL NO)
LC control number ENG-114387
020 ## - INTERNATIONAL STANDARD BOOK NUMBER
International Standard Book Number 9788179981306
Terms of availability 295.00
035 ## - SYSTEM CONTROL NUMBER
System control number EN-97919
037 ## - SOURCE OF ACQUISITION
Source of stock number/acquisition DBAD/PUB
082 ## - DEWEY DECIMAL CLASSIFICATION NUMBER
Classification number 158.1
100 ## - MAIN ENTRY--PERSONAL NAME
Personal name Sudha, G.S.
245 ## - TITLE STATEMENT
Title Personality development and human skills with cases, problems and helpful hints as per the syllabus of BBA /
Statement of responsibility, etc by G.S. Sudha
260 ## - PUBLICATION, DISTRIBUTION, ETC. (IMPRINT)
Place of publication, distribution, etc Jaipur
Name of publisher, distributor, etc Malik
Date of publication, distribution, etc 2013
270 ## - ADDRESS
Address 337,Chaura Rasta
City Jaipur
Postal code 302003
300 ## - PHYSICAL DESCRIPTION
Extent xv,397p
Dimensions 24cm(pbk)
942 ## - ADDED ENTRY ELEMENTS (KOHA)
Source of classification or shelving scheme Dewey Decimal Classification
Item type English Books
Call number suffix SUD
Classification part 158.1
Holdings
Withdrawn status Lost status Not for loan Collection code Home library Current library Date acquired Source of acquisition Cost, normal purchase price Full call number Barcode Copy number Cost, replacement price Koha item type
    Not For Loan Non-fiction D.B.Act.Division D.B.Act.Division 26/10/2015 DBAD/PUB 295.00 158.1 SUD EN-97919 1 295.00 English Books

© Delhi Public Library
Hit Counter
free hit counter